01655nam a22002897a 4500999001700000003000800017008004100025037002800066039004000094040002600134041000800160080001300168100002900181245018000210260010000390300002100490500016200511650007600673650005700749655002300806700002500829710008900854942001300943952013500956952013501091952013901226 c42972d42972BI-BuBU200825b1992 bd fr|||| 000 0 fre d a156857bDon de l'auteur a20200825102953.0bConstance Niyimpa aBI-BuBUbfrecBI-BuBU0 afre a658.115.1 4aut.aBaringuvu, Chantal13aLa privatisation des entreprises publiques bElements méthodologiques et incidences macro-économiques : le cas du Burundicpar Chantal Baringuvu ; Jean Ndenzako, directeur aBujumburabUniversité du Burundi, Faculté des Sciences Economiques et Administrativesc1992 aX-128 f.c29 cm. aMémoire présenté publiquement en vue de l'obtention du grade de Licenciée en Sciences Économiques et Administratives. Option : Économie politique 72BI-BuBUaEntreprise publiquexPrivatisation : macro-économiezBurundi 72BI-BuBUaPrivatisationxEntreprise publiquezBurundi 72BI-BuBUaMémoire1 4dir.aNdenzako, Jean1 4aut.aUniversité du BurundibFaculté des Sciences Economiques et Administratives 2udccMEM 00102udc4071967586aBFSEAbBFSEAd2020-08-25eDon de l'auteurl0o658.115.BAR.Pp5010000570989r2020-08-25t1w2020-08-25yMEM 00102udc4071967646aBFSEAbBFSEAd2020-08-31eDon de l'auteurl0o658.115.BAR.Pp5010000571108r2020-08-31t2w2020-08-31yMEM 00102udc4071967856aBCbBCd2020-09-09eDon de l'auteurl0oR.658.115.BAR.Pp5010000721473r2020-09-09t1w2020-09-09yMEMi156856